Estadísticas para 15 principales países afectados por Covid19 - 9 de marzo de 2022

Haz click aquí para intentar la prueba.

Estadísticas generales

  • Esta prueba ha sido intentada 9 veces
  • La puntuación promedio es 14 de 29

Estadísticas de respuestas

país% Correcto
Estados Unidos
100%
Alemania
89%
España
89%
Italia
89%
Rusia
89%
Francia
78%
Reino Unido
78%
Argentina
67%
India
67%
Turquía
67%
Brasil
56%
Portugal
56%
Suiza
56%
Austria
44%
Colombia
44%
Chequia
33%
Dinamarca
33%
Indonesia
33%
Irán
33%
Países Bajos
33%
Países Bajos
33%
Bélgica
22%
Israel
22%
Baréin
11%
Eslovenia
11%
Estonia
11%
Georgia
11%
Letonia
11%
Lituania
11%

Distribución de puntuación

Porcentaje por número respondido

Porcentaje de gente con cada puntuación

Historial de tus puntuaciones

No has intentado esta prueba.